[Event "Festival"]
[Site "Marostica ITA"]
[Date "1995.09.??"]
[Round "4"]
[White "Nurkic, Sahbaz"]
[Black "Csom, Istvan"]
[Result "1/2-1/2"]
[WhiteElo "2420"]
[BlackElo "2455"]
[PlyCount "120"]
[EventDate "1995.09.08"]

1. e4 c5 2. Nf3 a6 3. c4 e6 4. d4 cxd4 5. Nxd4 Nf6 6. Nc3 Qc7 7. Nc2 b6 8. Be3
d6 9. Be2 Bb7 10. f3 Nbd7 11. O-O Be7 12. Rc1 O-O 13. Qe1 Rac8 14. Nd4 Rfe8 15.
Qf2 Bd8 16. Rfd1 Qb8 17. Kh1 Bc7 18. g4 Nf8 19. Bf1 N6d7 20. Bg2 Qa8 21. Nde2
Bc6 22. b3 Qb8 23. Nd4 Bb7 24. g5 Nc5 25. Nde2 Ba8 26. Ng3 Ncd7 27. a4 Nc5 28.
Rb1 Ng6 29. Nh5 Bc6 30. Bd4 e5 31. Be3 Ne6 32. Nd5 b5 33. axb5 axb5 34. Bf1 Bd8
35. h4 Qb7 36. Ra1 bxc4 37. bxc4 Ra8 38. Rab1 Qc8 39. Nc3 Be7 40. Nb5 Nc5 41.
Bxc5 dxc5 42. Nd6 Bxd6 43. Rxd6 Ra5 44. Rbd1 Qa8 45. Bg2 Rb8 46. R1d2 Be8 47.
Kh2 Qa7 48. Bh3 Ra4 49. Bf1 Qc7 50. R6d5 Ra5 51. Bh3 Qb6 52. Bf5 Qb4 53. Qg3
Raa8 54. Bxg6 fxg6 55. Nxg7 Kxg7 56. Qxe5+ Kg8 57. Rd7 Bxd7 58. Qd5+ Kf8 59.
Qd6+ Kg8 60. Qd5+ Kf8 1/2-1/2

[Event "Festival"]
[Site "Marostica ITA"]
[Date "1995.09.??"]
[Round "4"]
[White "Pegoraro, Giorgio"]
[Black "Rosino, Antonio"]
[Result "1/2-1/2"]
[WhiteElo "2094"]
[BlackElo "2320"]
[PlyCount "32"]
[EventDate "1995.09.08"]

1. e4 e5 2. Nf3 Nc6 3. Bb5 Nf6 4. O-O Nxe4 5. Re1 Nd6 6. Nxe5 Nxe5 7. Rxe5+ Be7
8. Bf1 O-O 9. d4 Bf6 10. Re1 Nf5 11. c3 d5 12. Nd2 Nd6 13. Bd3 Bf5 14. Bxf5
Nxf5 15. Nf3 Qd7 16. Bf4 Nd6 1/2-1/2

[Event "Festival"]
[Site "Marostica ITA"]
[Date "1995.09.??"]
[Round "4"]
[White "Torelli, Mirco"]
[Black "Coppini, Giorgio"]
[Result "1-0"]
[WhiteElo "1998"]
[BlackElo "2210"]
[PlyCount "71"]
[EventDate "1995.09.08"]

1. d4 d5 2. c4 c6 3. Nf3 Nf6 4. Nc3 a6 5. e3 Nbd7 6. Bd3 g6 7. O-O Bg7 8. cxd5
Nxd5 9. e4 Nc7 10. h3 O-O 11. a4 e5 12. Bg5 f6 13. Bc4+ Kh8 14. Be3 exd4 15.
Bxd4 Qe7 16. Qb3 b5 17. axb5 axb5 18. Rxa8 Nxa8 19. Be2 b4 20. Na4 c5 21. Nxc5
Nc7 22. Qxb4 Ne6 23. Rc1 Nxd4 24. Nxd4 f5 25. exf5 gxf5 26. Bb5 Nxc5 27. Rxc5
Qe4 28. Rc4 Qb1+ 29. Kh2 Bb7 30. Bc6 Qf1 31. Ne6 Bxc6 32. Rxc6 Be5+ 33. f4 Rg8
34. Rc2 Bf6 35. Ng5 Rxg5 36. Qf8+ 1-0

[Event "Festival"]
[Site "Marostica ITA"]
[Date "1995.09.??"]
[Round "4"]
[White "Ventura, Boris"]
[Black "Aranovitch, Emiliano"]
[Result "1-0"]
[WhiteElo "2038"]
[BlackElo "2280"]
[PlyCount "51"]
[EventDate "1995.09.08"]

1. e4 c5 2. Nf3 d6 3. d4 cxd4 4. Nxd4 Nf6 5. Nc3 Nc6 6. f4 g6 7. Nf3 Bg7 8. Bd3
Qb6 9. Qe2 O-O 10. Rb1 Nh5 11. Nd5 Qa5+ 12. Bd2 Qxa2 13. O-O Bxb2 14. Kh1 Bg4
15. c3 e6 16. Nc7 Rac8 17. Nb5 a6 18. Nxd6 Rcd8 19. Nc4 Bxc3 20. Bxc3 Qxe2 21.
Bxe2 Nxf4 22. Bd1 b5 23. Nce5 Nxe5 24. Nxe5 Bxd1 25. Rbxd1 f6 26. Nd7 1-0

[Event "Festival"]
[Site "Marostica ITA"]
[Date "1995.09.??"]
[Round "4"]
[White "Ventura, Sergio"]
[Black "Caruso, Augusto"]
[Result "0-1"]
[WhiteElo "1998"]
[BlackElo "2220"]
[PlyCount "94"]
[EventDate "1995.09.08"]

1. f4 e5 2. d3 Nc6 3. Nf3 d6 4. g3 Be7 5. Bg2 h5 6. fxe5 h4 7. exd6 Bxd6 8.
gxh4 Nh6 9. Bg5 f6 10. Bxh6 Rxh6 11. Qd2 Ne5 12. Nc3 Nxf3+ 13. Bxf3 Rxh4 14.
O-O-O Qe7 15. Nd5 Qf7 16. c4 c6 17. Qe1 g5 18. Nc3 Qe7 19. Ne4 Bc7 20. Qf2 f5
21. Nd2 Bd7 22. h3 Bb6 23. Qg2 O-O-O 24. Kb1 Rdh8 25. e4 f4 26. Bg4 Bxg4 27.
hxg4 Qd7 28. Nf3 Rxh1 29. Rxh1 Qxd3+ 30. Ka1 Rxh1+ 31. Qxh1 Qxe4 32. a3 Bd8 33.
Qf1 Bf6 34. Qb1 Qxf3 35. Qf5+ Kc7 36. Qxf6 Qf1+ 37. Ka2 Qxc4+ 38. Kb1 Qc5 39.
b4 Qd5 40. Qe7+ Kb6 41. Kb2 a6 42. Ka1 Qd4+ 43. Ka2 f3 44. a4 f2 45. a5+ Ka7
46. Qe2 Qf4 47. Qf1 c5 0-1

[Event "Festival"]
[Site "Marostica ITA"]
[Date "1995.09.??"]
[Round "5"]
[White "Alberton, Roberto"]
[Black "Torelli, Mirco"]
[Result "1-0"]
[WhiteElo "2054"]
[BlackElo "1998"]
[PlyCount "137"]
[EventDate "1995.09.08"]

1. e4 c5 2. c3 e5 3. Nf3 Nc6 4. Bc4 Qc7 5. d3 Nf6 6. Qb3 Nd8 7. Bg5 Be7 8. O-O
O-O 9. Nbd2 a6 10. a4 d6 11. Rfd1 h6 12. Bxf6 Bxf6 13. a5 Kh8 14. Bd5 Rb8 15.
Nc4 Bg4 16. Qb6 Qxb6 17. Nxb6 Re8 18. h3 Be6 19. Nd2 Nc6 20. Ndc4 Rbd8 21. Ne3
Bg5 22. Nc2 Bxd5 23. Nxd5 Ne7 24. Nxe7 Rxe7 25. c4 Ra8 26. g3 h5 27. h4 Bh6 28.
Kf1 f5 29. f3 Rf8 30. Ke2 Ref7 31. Rf1 f4 32. g4 hxg4 33. fxg4 f3+ 34. Kf2 Bd2
35. Rfd1 Bf4 36. b4 Rc7 37. Rab1 g6 38. b5 axb5 39. Rxb5 Bh2 40. Ne3 Bf4 41.
Nd5 Rh7 42. Rh1 Bg5 43. h5 gxh5 44. Rxh5 Rxh5 45. gxh5 Bh4+ 46. Kf1 Rf7 47. Ne3
Bd8 48. Nf5 Rd7 49. Kf2 Kg8 50. Kxf3 Kf7 51. Ke2 Kf6 52. h6 Kg6 53. Kd1 Kh7 54.
Kc2 Be7 55. Kb3 Bf8 56. Rb6 Kg6 57. Ka4 Kh7 58. Kb5 Kg6 59. a6 bxa6+ 60. Rxa6
Kh7 61. Kb6 Kg6 62. Ra7 Rd8 63. h7 Bh6 64. Kc6 Rh8 65. Kxd6 Bf8+ 66. Kxe5 Rxh7
67. Rxh7 Kxh7 68. Kf6 Kg8 69. e5 1-0

[Event "Festival"]
[Site "Marostica ITA"]
[Date "1995.09.??"]
[Round "5"]
[White "Aranovitch, Emiliano"]
[Black "Ventura, Sergio"]
[Result "0-1"]
[WhiteElo "2280"]
[BlackElo "1998"]
[PlyCount "50"]
[EventDate "1995.09.08"]

1. e4 c6 2. d4 d5 3. exd5 cxd5 4. c4 Nf6 5. Nc3 g6 6. Nf3 Bg7 7. cxd5 O-O 8.
Bc4 Nbd7 9. O-O Nb6 10. Bb3 Nbxd5 11. Re1 b6 12. Ne5 Bb7 13. Bg5 Rc8 14. Qf3
Ba8 15. Qh3 Bb7 16. Rac1 Nxc3 17. bxc3 a6 18. Qh4 Qd6 19. Re3 Rc7 20. Rce1 b5
21. Rh3 Nh5 22. Bd1 f6 23. Bf4 fxe5 24. Bxh5 exf4 25. Bg4 h6 0-1

[Event "Festival"]
[Site "Marostica ITA"]
[Date "1995.09.??"]
[Round "5"]
[White "Bancod, Ronald"]
[Black "Mrdja, Milan"]
[Result "1-0"]
[WhiteElo "2385"]
[BlackElo "2450"]
[PlyCount "63"]
[EventDate "1995.09.08"]

1. e4 c5 2. Nf3 d6 3. Bb5+ Nd7 4. O-O Ngf6 5. Re1 a6 6. Bf1 e6 7. c3 Be7 8. d4
cxd4 9. cxd4 b5 10. a4 bxa4 11. Qxa4 O-O 12. Nc3 Bb7 13. Bg5 h6 14. Bh4 Re8 15.
Qa5 Qb8 16. Nd2 Bd8 17. Qa3 Be7 18. Qb3 Qa7 19. Nc4 Rab8 20. Qd1 Bc8 21. Bg3 e5
22. d5 Nc5 23. Kh1 Bd7 24. f4 Bg4 25. Qc2 Nb3 26. fxe5 Nxa1 27. Rxa1 Nh5 28.
Bf2 Qc7 29. Rxa6 dxe5 30. d6 Qc8 31. dxe7 Rxe7 32. b4 {...} 1-0

[Event "Festival"]
[Site "Marostica ITA"]
[Date "1995.09.??"]
[Round "5"]
[White "Borgo, Giulio"]
[Black "Caruso, Augusto"]
[Result "1-0"]
[WhiteElo "2345"]
[BlackElo "2220"]
[PlyCount "95"]
[EventDate "1995.09.08"]

1. e4 e5 2. Nf3 Nc6 3. Bb5 f5 4. d3 fxe4 5. dxe4 Nf6 6. O-O d6 7. Nc3 Be7 8.
Bg5 Bg4 9. Be2 O-O 10. Bxf6 Bxf6 11. Nd5 Kh8 12. c3 Be6 13. Qd2 Ne7 14. Rad1
Rc8 15. Qe3 a6 16. c4 Qe8 17. c5 Qc6 18. cxd6 cxd6 19. Nb6 Rcd8 20. Rc1 Qe8 21.
Rfd1 Nc6 22. Nd5 Qf7 23. Bxa6 Bxd5 24. exd5 Nd4 25. Bd3 Qxd5 26. Be4 Qf7 27.
Nxd4 exd4 28. Qd3 g6 29. a3 Be5 30. Rc2 Rd7 31. g3 Rc7 32. Re2 Rfc8 33. Kg2 Bg7
34. h4 Be5 35. Rf1 Qc4 36. Qf3 Rf7 37. Qg4 Rcf8 38. h5 Rg7 39. hxg6 hxg6 40.
Rc2 Qf7 41. Rc8 d3 42. Rh1+ Kg8 43. Rxf8+ Kxf8 44. Qc8+ Qe8 45. Qc4 d2 46. Rh8+
Ke7 47. Rxe8+ Kxe8 48. Qd3 1-0

[Event "Festival"]
[Site "Marostica ITA"]
[Date "1995.09.??"]
[Round "5"]
[White "Csom, Istvan"]
[Black "Rossi, Carlo"]
[Result "1-0"]
[WhiteElo "2455"]
[BlackElo "2330"]
[PlyCount "75"]
[EventDate "1995.09.08"]

1. c4 Nc6 2. g3 g6 3. Bg2 Bg7 4. Nc3 e5 5. d3 f5 6. e3 Nf6 7. Nge2 O-O 8. b3 d6
9. Bb2 a6 10. Qd2 Rb8 11. O-O Kh8 12. Rac1 Ne7 13. Nd5 c6 14. Nxf6 Bxf6 15. f4
g5 16. d4 gxf4 17. dxe5 dxe5 18. Qxd8 Rxd8 19. Nxf4 Ng6 20. Rcd1 Rxd1 21. Rxd1
Kg8 22. Nd3 Kf7 23. Nc5 Be7 24. Nd3 Bf6 25. Rf1 Be6 26. Nc5 Bg5 27. Kf2 Rd8 28.
Ke2 Bc8 29. h4 Bf6 30. h5 Nf8 31. Nd3 Re8 32. e4 fxe4 33. Bxe4 Bg4+ 34. Ke3 Ke6
35. Nc5+ Ke7 36. Nxb7 Bg5+ 37. Kd3 Ne6 38. Bxc6 1-0

[Event "Festival"]
[Site "Marostica ITA"]
[Date "1995.09.??"]
[Round "5"]
[White "Di Lazzaro, Gabriele"]
[Black "Godena, Michele"]
[Result "0-1"]
[WhiteElo "2115"]
[BlackElo "2420"]
[PlyCount "76"]
[EventDate "1995.09.08"]

1. Nf3 d6 2. d4 Bg4 3. Nbd2 Nf6 4. g3 Nbd7 5. Bg2 c6 6. b3 d5 7. Bb2 e6 8. O-O
Be7 9. Re1 O-O 10. e4 dxe4 11. Nxe4 Nxe4 12. Rxe4 Nf6 13. Re1 Qb6 14. Qd2 Rfd8
15. Ne5 Bh5 16. Bc3 a5 17. Nc4 Qa7 18. Nxa5 Nd5 19. Bxd5 cxd5 20. b4 Rdc8 21.
a4 Qb6 22. Reb1 Qc7 23. Bb2 b6 24. Nb3 Qc4 25. b5 Rxa4 26. Rxa4 Qxa4 27. Ra1
Qxb5 28. Ra7 Bf8 29. Ba3 Bxa3 30. Rxa3 h6 31. Kg2 Qc4 32. Na1 Bg6 33. Qf4 Be4+
34. Kg1 Qxd4 35. Qc1 Qf6 36. Qe3 Qb2 37. f3 d4 38. Qf4 Qxa3 0-1

[Event "Festival"]
[Site "Marostica ITA"]
[Date "1995.09.??"]
[Round "5"]
[White "Giuriati, Paolo"]
[Black "Elstner, Herbert"]
[Result "1/2-1/2"]
[WhiteElo "1957"]
[BlackElo "2215"]
[PlyCount "71"]
[EventDate "1995.09.08"]

1. d4 d5 2. Nf3 Bf5 3. c4 Bxb1 4. Rxb1 dxc4 5. Qa4+ c6 6. Qxc4 Nf6 7. g3 Nbd7
8. Bg2 e6 9. O-O Be7 10. Qc2 O-O 11. Rd1 a5 12. e4 a4 13. Ne5 h6 14. a3 Nxe5
15. dxe5 Nd7 16. Be3 Qc7 17. f4 Rfd8 18. Bf1 Qa5 19. Rbc1 Rac8 20. Kg2 b5 21.
Rd3 c5 22. Rcd1 Qc7 23. R3d2 c4 24. Bd4 Bc5 25. Qc3 Be7 26. Be2 Qb7 27. Qf3 b4
28. axb4 Bxb4 29. Rc2 Nc5 30. Rxc4 Na6 31. Rxc8 Qxc8 32. Bxa6 Qxa6 33. Bf2 Rxd1
34. Qxd1 Be7 35. Qd7 Bb4 36. Qd1 1/2-1/2

[Event "Festival"]
[Site "Marostica ITA"]
[Date "1995.09.??"]
[Round "5"]
[White "Micheli, Carlo"]
[Black "Nurkic, Sahbaz"]
[Result "1-0"]
[WhiteElo "2295"]
[BlackElo "2420"]
[PlyCount "81"]
[EventDate "1995.09.08"]

1. e4 g6 2. d4 Bg7 3. Nc3 c6 4. h3 Nf6 5. Bd3 d6 6. Nf3 O-O 7. O-O Nbd7 8. a4
e5 9. dxe5 dxe5 10. a5 Qc7 11. Be3 Nh5 12. Re1 Nf4 13. Bf1 Re8 14. g3 Ne6 15.
Na4 Nf6 16. Nd2 h6 17. Bg2 Ng5 18. Kh2 Rd8 19. Qe2 Ne6 20. Kh1 h5 21. c3 h4 22.
Nc4 Qe7 23. Rad1 Nh5 24. Kh2 Rf8 25. Nd6 Qf6 26. Nxc8 Raxc8 27. Rd7 Rfd8 28.
Rxb7 hxg3+ 29. fxg3 Nxg3 30. Kxg3 Nf4 31. Qg4 Bh6 32. Nc5 Nh5+ 33. Kh2 Bxe3 34.
Rxe3 Nf4 35. Rd7 Rb8 36. b4 Kg7 37. Rf3 Rh8 38. Ne6+ Nxe6 39. Rxf6 Kxf6 40. Rd6
c5 41. Bf1 1-0

[Event "Festival"]
[Site "Marostica ITA"]
[Date "1995.09.??"]
[Round "5"]
[White "Negro, Roberto"]
[Black "Duarte, Riccardo"]
[Result "1-0"]
[WhiteElo "2164"]
[BlackElo "2050"]
[PlyCount "63"]
[EventDate "1995.09.08"]

1. d4 Nf6 2. c4 e6 3. Nc3 Be7 4. e4 d6 5. f4 Nfd7 6. Nf3 c5 7. d5 Nf8 8. Be2
Ng6 9. O-O O-O 10. g3 Bf6 11. Qd3 Na6 12. dxe6 fxe6 13. Nb5 d5 14. cxd5 Nb4 15.
Qb3 exd5 16. a3 Na6 17. exd5 Kh8 18. Bc4 Nc7 19. Be3 Nxb5 20. Bxb5 b6 21. Bc6
Rb8 22. Bxc5 bxc5 23. Qxb8 Qa5 24. Qb5 Qxb5 25. Bxb5 Bxb2 26. Ra2 Bf6 27. Rd1
Bg4 28. Kg2 Rd8 29. Re2 Ne7 30. d6 Nf5 31. d7 Be7 32. h3 1-0

[Event "Festival"]
[Site "Marostica ITA"]
[Date "1995.09.??"]
[Round "5"]
[White "Pastres, Roberto"]
[Black "Lucaroni, Massimiliano"]
[Result "1/2-1/2"]
[WhiteElo "2220"]
[BlackElo "2280"]
[PlyCount "62"]
[EventDate "1995.09.08"]

1. d4 Nf6 2. c4 c5 3. d5 b5 4. cxb5 a6 5. e3 g6 6. Nc3 Bg7 7. a4 O-O 8. Nf3 Bb7
9. Rb1 e6 10. Bc4 axb5 11. axb5 exd5 12. Nxd5 Nxd5 13. Bxd5 Qa5+ 14. Bd2 Qxb5
15. Bxb7 Qxb7 16. O-O Nc6 17. Qc2 Qb5 18. Bc3 Nb4 19. Qd2 Rab8 20. Rfd1 d5 21.
Bxb4 Qxb4 22. Qxd5 Bxb2 23. Ne5 Qc3 24. Nd7 Rfd8 25. Rd3 Qc2 26. Rbd1 Bg7 27.
h4 Rb1 28. Rxb1 Qxb1+ 29. Kh2 Qb4 30. Qxc5 Qxh4+ 31. Kg1 Qg4 1/2-1/2

[Event "Festival"]
[Site "Marostica ITA"]
[Date "1995.09.??"]
[Round "5"]
[White "Sarno, Spartaco"]
[Black "Mantovani, Renzo"]
[Result "1/2-1/2"]
[WhiteElo "2405"]
[BlackElo "2365"]
[PlyCount "110"]
[EventDate "1995.09.08"]

1. c4 g6 2. Nc3 Bg7 3. g3 Nf6 4. Bg2 O-O 5. d3 d6 6. Rb1 c6 7. e4 Na6 8. Nge2
Nc7 9. O-O d5 10. exd5 cxd5 11. Bf4 dxc4 12. dxc4 Ne6 13. Qxd8 Rxd8 14. Rfd1
Ne8 15. Be3 Kf8 16. b3 N8c7 17. Nd5 Nxd5 18. Rxd5 Ke8 19. Rbd1 Rxd5 20. Rxd5
Nd8 21. Nf4 Bd7 22. Rd2 Bc6 23. Nd5 Be5 24. f4 Bb8 25. Bc5 Bxd5 26. Rxd5 Bc7
27. Bf2 Rb8 28. a4 b6 29. Kf1 Ne6 30. Rd2 Rd8 31. Bc6+ Kf8 32. Rxd8+ Bxd8 33.
b4 a5 34. bxa5 bxa5 35. Ke2 Bc7 36. c5 Nd8 37. Bd7 e5 38. fxe5 Bxe5 39. Kd3 Ke7
40. Bb5 Bc7 41. Kc4 f5 42. Kd5 h5 43. Be3 Ne6 44. Kc6 h4 45. Bf2 hxg3 46. hxg3
g5 47. Bc4 Be5 48. Bxe6 Kxe6 49. Kb7 f4 50. gxf4 gxf4 51. Kb6 Kd5 52. Kxa5 Kc6
53. Kb4 Bb8 54. a5 Ba7 55. a6 Kc7 1/2-1/2

[Event "Festival"]
[Site "Marostica ITA"]
[Date "1995.09.??"]
[Round "5"]
[White "Sedina, Elena"]
[Black "Ventura, Boris"]
[Result "1-0"]
[WhiteElo "2350"]
[BlackElo "2038"]
[PlyCount "79"]
[EventDate "1995.09.08"]

1. e4 Nf6 2. e5 Nd5 3. Nc3 Nb6 4. d4 d6 5. Nf3 Bg4 6. Be2 e6 7. O-O Be7 8. a4
a5 9. exd6 cxd6 10. h3 Bf5 11. Nb5 O-O 12. c4 Na6 13. Bd2 Nd7 14. Bc3 Nc7 15.
Nd2 d5 16. c5 b6 17. cxb6 Nxb6 18. Nb3 Nxb5 19. axb5 Bd6 20. Bxa5 Bxh3 21. Bg4
Bxg4 22. Qxg4 Bc7 23. Bb4 Rxa1 24. Rxa1 f5 25. Qe2 Rf6 26. Nd2 Rh6 27. Nf3 Bh2+
28. Nxh2 Qh4 29. Qe5 f4 30. Qb8+ Kf7 31. Ra7+ Kg6 32. Qe8+ Kf5 33. Qf7+ Ke4 34.
Qxg7 Qxh2+ 35. Kf1 Qh1+ 36. Ke2 f3+ 37. Kd2 Nc4+ 38. Kc2 Qxg2 39. Qxh6 Qxf2+
40. Bd2 1-0

[Event "Festival"]
[Site "Marostica ITA"]
[Date "1995.09.??"]
[Round "6"]
[White "Borgo, Giulio"]
[Black "Sedina, Elena"]
[Result "1-0"]
[WhiteElo "2345"]
[BlackElo "2350"]
[PlyCount "57"]
[EventDate "1995.09.08"]

1. e4 e6 2. d4 d5 3. Nc3 Nf6 4. Bg5 Be7 5. e5 Nfd7 6. Bxe7 Qxe7 7. Nb5 Nb6 8.
a4 a6 9. a5 Nc4 10. Bxc4 dxc4 11. Nc3 Nc6 12. Nf3 Bd7 13. O-O Nb4 14. Nd2 Bc6
15. Nce4 O-O-O 16. c3 Nd3 17. b3 Nxe5 18. Qe2 Ng6 19. f4 Nh4 20. Rf2 h6 21.
Nxc4 Bxe4 22. Qxe4 Nf5 23. Re1 Nd6 24. Qf3 Rhe8 25. Ne5 Nb5 26. b4 Rd6 27. h3
f6 28. Ng4 Rc6 29. Re3 {...} 1-0

[Event "Festival"]
[Site "Marostica ITA"]
[Date "1995.09.??"]
[Round "6"]
[White "Caruso, Augusto"]
[Black "Alberton, Roberto"]
[Result "1/2-1/2"]
[WhiteElo "2220"]
[BlackElo "2054"]
[PlyCount "111"]
[EventDate "1995.09.08"]

1. e4 c5 2. Nf3 d6 3. d4 cxd4 4. Nxd4 Nf6 5. Nc3 a6 6. Bg5 e6 7. f4 Be7 8. Qf3
Qc7 9. O-O-O O-O 10. Bd3 b5 11. Bxf6 Bxf6 12. e5 dxe5 13. fxe5 Bg5+ 14. Kb1 Bb7
15. Qh5 Bh6 16. Ne4 Nd7 17. Nd6 Nc5 18. Nxb7 Qxb7 19. Be2 Rad8 20. Bf3 Qe7 21.
h4 Bf4 22. Qg4 Bxe5 23. Nc6 Rxd1+ 24. Rxd1 Qf6 25. Qb4 Na4 26. c3 Bxc3 27. bxc3
Nxc3+ 28. Kc2 Nxd1 29. Kxd1 Qa1+ 30. Kd2 Qxa2+ 31. Ke1 Qa1+ 32. Kf2 g6 33. h5
Qf6 34. h6 g5 35. Ne7+ Kh8 36. Nf5 Rc8 37. Nd6 Rc2+ 38. Kg1 Qa1+ 39. Kh2 Qe5+
40. Kg1 Qe3+ 41. Kh1 Kg8 42. Ne8 Rc1+ 43. Kh2 Qe5+ 44. g3 Rc2+ 45. Kh3 Rc4 46.
Qe7 Qf5+ 47. Kh2 Rc2+ 48. Bg2 Rxg2+ 49. Kxg2 Qe4+ 50. Kg1 Qe3+ 51. Kg2 Qe2+ 52.
Kg1 Qe3+ 53. Kg2 Qe2+ 54. Kg1 Qe1+ 55. Kg2 Qe2+ 56. Kg1 1/2-1/2

[Event "Festival"]
[Site "Marostica ITA"]
[Date "1995.09.??"]
[Round "6"]
[White "Lucaroni, Massimiliano"]
[Black "Pegoraro, Giorgio"]
[Result "1-0"]
[WhiteElo "2280"]
[BlackElo "2094"]
[PlyCount "47"]
[EventDate "1995.09.08"]

1. e4 e6 2. Nf3 d5 3. e5 c5 4. b4 cxb4 5. a3 Nc6 6. d4 Bd7 7. axb4 Bxb4+ 8. c3
Be7 9. Bd3 a6 10. O-O Na7 11. Na3 b5 12. Nc2 Qb6 13. Ng5 Nc6 14. Qh5 g6 15. Qf3
Nd8 16. Bd2 Ra7 17. Rfb1 h6 18. Nxf7 Rh7 19. Nxd8 Kxd8 20. c4 dxc4 21. Ba5 Qxa5
22. Rxa5 cxd3 23. Qxd3 Bc6 24. Qxg6 1-0

[Event "Festival"]
[Site "Marostica ITA"]
[Date "1995.09.??"]
[Round "6"]
[White "Manca, Federico"]
[Black "Csom, Istvan"]
[Result "1-0"]
[WhiteElo "2355"]
[BlackElo "2455"]
[PlyCount "80"]
[EventDate "1995.09.08"]

1. e4 c5 2. c3 Qa5 3. b4 cxb4 4. cxb4 Qxb4 5. Nc3 Nc6 6. Rb1 Qa5 7. Rb5 Qc7 8.
d4 e6 9. Nf3 a6 10. Rg5 h6 11. Rg3 Nf6 12. Bd2 d5 13. exd5 exd5 14. Bd3 Be6 15.
O-O Nh5 16. Re1 O-O-O 17. Ne5 Nxg3 18. Nxc6 Qxc6 19. hxg3 Rd7 20. Qb3 Rc7 21.
Na4 b5 22. Nc3 Bd6 23. Rc1 Kd8 24. a4 bxa4 25. Nxa4 Qxc1+ 26. Bxc1 Rxc1+ 27.
Kh2 Ke7 28. Nc5 Rc8 29. Nxe6 fxe6 30. Bg6 a5 31. Qf3 Rf8 32. Qe3 Rc7 33. f4 a4
34. Bh5 a3 35. Bg4 Rf6 36. Qd3 g6 37. Qa6 Rf8 38. Qd3 Kf6 39. Qe3 Re7 40. Qd3
Ra8 1-0

[Event "Festival"]
[Site "Marostica ITA"]
[Date "1995.09.??"]
[Round "6"]
[White "Mantovani, Renzo"]
[Black "Bancod, Ronald"]
[Result "0-1"]
[WhiteElo "2365"]
[BlackElo "2385"]
[PlyCount "106"]
[EventDate "1995.09.08"]

1. d4 Nf6 2. Nf3 g6 3. Bg5 Bg7 4. Nbd2 c5 5. c3 cxd4 6. cxd4 Qa5 7. e3 Nc6 8.
a3 d5 9. Bd3 O-O 10. O-O Bf5 11. Qb1 e6 12. Nb3 Qb6 13. Nc5 Rfc8 14. b4 Qc7 15.
Rc1 b6 16. Bxf5 gxf5 17. Bxf6 Bxf6 18. Nd3 Qd6 19. g3 Rc7 20. Ra2 Rac8 21. Rac2
Bd8 22. Qb3 Ne7 23. Kg2 f6 24. Rxc7 Rxc7 25. Qa4 Kf7 26. Qd1 Rxc1 27. Qxc1 Qc7
28. Qd1 Ng6 29. Ng1 Be7 30. Ne2 Bd6 31. h4 Qc4 32. h5 Ne7 33. Nef4 e5 34. Ne2
b5 35. f4 e4 36. Ne1 a5 37. bxa5 Bxa3 38. Qc2 Bb4 39. a6 Nc6 40. Kf1 Ke6 41.
Qb1 Kd7 42. Nc2 Kc7 43. Nxb4 Nxb4 44. Qa1 Na2 45. Kf2 Kb8 46. Qg1 Qc2 47. Qe1
b4 48. g4 fxg4 49. Kg3 f5 50. h6 Ka7 51. Kh4 b3 52. Qa5 b2 53. Nc3 Nxc3 0-1

[Event "Festival"]
[Site "Marostica ITA"]
[Date "1995.09.??"]
[Round "6"]
[White "Micheli, Carlo"]
[Black "Sarno, Spartaco"]
[Result "0-1"]
[WhiteElo "2295"]
[BlackElo "2405"]
[PlyCount "70"]
[EventDate "1995.09.08"]

1. e4 d6 2. d4 Nf6 3. Nc3 g6 4. f4 Bg7 5. Nf3 O-O 6. Be3 b6 7. Bd3 c5 8. Qe2
cxd4 9. Nxd4 Bb7 10. O-O Nbd7 11. Kh1 Rc8 12. Bg1 e5 13. Ndb5 d5 14. exd5 Nxd5
15. Nxd5 Bxd5 16. c4 Bb7 17. Nd6 Rc7 18. Rad1 Bc6 19. b4 exf4 20. Be4 Qe7 21.
Rxf4 Ba4 22. Rd3 Be5 23. Nf5 gxf5 24. Rxf5 Bg7 25. Rg3 Ne5 26. Qh5 Ng6 27. Rh3
h6 28. Bd5 Bc6 29. Re3 Qh4 30. Qf3 Bxd5 31. cxd5 Rc1 32. Re4 Qd8 33. Qe3 Rd1
34. Qb3 Qc8 35. Rxf7 Rxg1+ 0-1

[Event "Festival"]
[Site "Marostica ITA"]
[Date "1995.09.??"]
[Round "6"]
[White "Mrdja, Milan"]
[Black "Belotti, Bruno"]
[Result "1-0"]
[WhiteElo "2450"]
[BlackElo "2380"]
[PlyCount "117"]
[EventDate "1995.09.08"]

1. e4 c5 2. Nf3 d6 3. d4 cxd4 4. Nxd4 Nf6 5. Nc3 Nc6 6. Bg5 e6 7. Qd2 Be7 8.
O-O-O Nxd4 9. Qxd4 O-O 10. f4 Qa5 11. Bc4 Bd7 12. e5 dxe5 13. Qxe5 Qb4 14. Qe2
Bc6 15. a3 Qa5 16. Rhe1 Rfe8 17. Nb5 Nd5 18. Bxe7 Bxb5 19. Rxd5 exd5 20. Bxb5
Rxe7 21. Qxe7 Qxb5 22. Kb1 h6 23. g4 Rc8 24. Re2 d4 25. Qe4 Rd8 26. Rd2 Qf1+
27. Ka2 Qc4+ 28. b3 Qc3 29. Qd3 Qc7 30. Rf2 a5 31. a4 b6 32. g5 hxg5 33. fxg5
g6 34. h4 Rd5 35. Kb2 Qe5 36. Re2 Qd6 37. Re4 Qc5 38. Rf4 Rd8 39. Rf6 Rc8 40.
Rf3 Kg7 41. Rf4 Rd8 42. c3 dxc3+ 43. Qxc3+ Qxc3+ 44. Kxc3 Rd6 45. Kc4 Kf8 46.
Kb5 Ke7 47. Ka6 Rd3 48. Kxb6 Rxb3+ 49. Kxa5 Rb8 50. Ka6 Rb1 51. a5 Rb2 52. Ka7
Rb5 53. a6 Rb1 54. Rf6 Rb4 55. Rb6 Rd4 56. Kb7 Rd7+ 57. Kc6 Rd6+ 58. Kc5 Rd1
59. Rf6 1-0

[Event "Festival"]
[Site "Marostica ITA"]
[Date "1995.09.??"]
[Round "6"]
[White "Nurkic, Sahbaz"]
[Black "Danieli, Enrico"]
[Result "1-0"]
[WhiteElo "2420"]
[BlackElo "1903"]
[PlyCount "123"]
[EventDate "1995.09.08"]

1. e4 d5 2. exd5 Nf6 3. d4 Nxd5 4. c4 Nb6 5. Nf3 g6 6. Nc3 Bg7 7. h3 O-O 8. Be3
Nc6 9. Be2 e5 10. d5 Ne7 11. O-O Nf5 12. Bg5 f6 13. Bc1 Re8 14. c5 Nd7 15. Ne4
Nf8 16. Bc4 Kh8 17. Re1 b6 18. Bd2 bxc5 19. Nxc5 Nd6 20. Bb3 Nb7 21. Na6 Nd6
22. Nb4 Bb7 23. Ba4 Re7 24. Rc1 Nd7 25. Nc6 Bxc6 26. Bxc6 Rb8 27. b4 Nb6 28.
Qb3 Qf8 29. a4 Bh6 30. a5 Nbc8 31. Qa4 Bxd2 32. Nxd2 Qh6 33. Nb3 Qf4 34. Nc5
Rxb4 35. Qa2 Rc4 36. Rxc4 Qxc4 37. Qxc4 Nxc4 38. Rb1 N4d6 39. Rb8 Kg7 40. Bd7
Kf7 41. Be6+ Kg7 42. Rxc8 Nxc8 43. Bxc8 f5 44. Kf1 e4 45. Ke2 f4 46. Be6 Re8
47. Na6 Kf6 48. Nxc7 Rb8 49. d6 Ke5 50. d7 Kd6 51. Na6 Rb2+ 52. Ke1 Ke7 53. Nc7
Rb1+ 54. Kd2 Rb2+ 55. Kc3 Rb8 56. Kd4 Kd6 57. Na6 Rd8 58. Nc5 e3 59. fxe3 fxe3
60. Bg4 Kc6 61. Bf3+ Kb5 62. a6 1-0

[Event "Festival"]
[Site "Marostica ITA"]
[Date "1995.09.??"]
[Round "6"]
[White "Rossi, Carlo"]
[Black "Rosino, Antonio"]
[Result "1/2-1/2"]
[WhiteElo "2330"]
[BlackElo "2320"]
[PlyCount "124"]
[EventDate "1995.09.08"]

1. Nf3 Nf6 2. g3 g6 3. b3 d5 4. Bb2 Bg7 5. Bg2 Nbd7 6. O-O O-O 7. c4 c6 8. d3
Re8 9. Nc3 e5 10. cxd5 Nxd5 11. Qc2 N7b6 12. Rad1 Nxc3 13. Bxc3 Nd5 14. Bb2 Qb6
15. Nd2 Be6 16. a3 a5 17. Qb1 Rad8 18. Qa1 Bg4 19. Rfe1 Qc7 20. h3 Bc8 21. Nf3
h6 22. e4 Nb6 23. Bc3 Nd7 24. b4 axb4 25. axb4 Nf8 26. Rd2 Nh7 27. Red1 Ng5 28.
Nxg5 hxg5 29. d4 exd4 30. Bxd4 Bxd4 31. Rxd4 Be6 32. Qc3 Qb6 33. Qe3 Rxd4 34.
Rxd4 Rd8 35. Rxd8+ Qxd8 36. Qc5 Kg7 37. Kh2 g4 38. h4 Qc7 39. b5 f6 40. b6 Qd7
41. Bf1 Kf7 42. Bg2 Qe7 43. Qa5 Bc4 44. Qa8 Ba6 45. Qc8 Qe6 46. Qc7+ Ke8 47.
Qg7 Qf7 48. Qh6 Ke7 49. Qf4 Qe6 50. Kg1 Be2 51. Qb8 Qd7 52. e5 Ba6 53. exf6+
Kxf6 54. Qf4+ Qf5 55. Qd4+ Kf7 56. Be4 Qe6 57. Kg2 Bb5 58. Bc2 Ba6 59. Bd1 Be2
60. Bxe2 Qxe2 61. Qd7+ Kf6 62. Qd8+ Kg7 1/2-1/2

[Event "Festival"]
[Site "Marostica ITA"]
[Date "1995.09.??"]
[Round "6"]
[White "Rossi, Giampiero"]
[Black "Negro, Roberto"]
[Result "0-1"]
[WhiteElo "2135"]
[BlackElo "2164"]
[PlyCount "90"]
[EventDate "1995.09.08"]

1. d4 Nc6 2. Nf3 d6 3. g3 g6 4. Bg2 Bg7 5. O-O Bg4 6. c4 Nf6 7. Nc3 O-O 8. Ne1
Qc8 9. f3 Bd7 10. e4 e5 11. d5 Nb8 12. Nd3 b6 13. Bd2 c5 14. dxc6 Qxc6 15. b3
b5 16. cxb5 Qb6+ 17. Rf2 Bxb5 18. Nxb5 Qxb5 19. Bf1 Qb6 20. Nb2 d5 21. Na4 Qd6
22. Nc3 Nc6 23. exd5 Nxd5 24. Bc4 Nb6 25. Ne4 Qe7 26. Rc1 Nd4 27. Qe1 Qb7 28.
Kg2 Nxc4 29. Rxc4 f5 30. Nc5 Qd5 31. Bc3 Rae8 32. Qd2 Qd8 33. Qe3 Qe7 34. Rd2
Qf7 35. Rf2 h6 36. Rd2 Kh7 37. Rf2 Kh8 38. Rd2 g5 39. Rf2 f4 40. Qe4 Nf5 41.
Bd2 Nd6 42. Qe2 Nxc4 43. bxc4 Rc8 44. Bb4 Rfd8 45. Qf1 Bf8 0-1